000 00490cam a22001217a 4500
008 180718b1995 xxu||||| |||| 00| 0 eng d
082 _aA81x54 In2/91/8/Pt12A&B/KA
100 _aCensus of India 1991
245 _aHaryana district census handbook, Karnal: village and town directory, village and townwise primary census abstract
260 _aChandigarh
_bThe Controller, Printing and Stationery
_c1995
300 _a379+p.
440 _aCensus of India 1991. Series-8, Haryana. Part 12 A and B
999 _c481211
_d481211